Loading...
| Social Science | 1 | 3 | 0 | 1 | 45 | 65 | 103.00 | 1 | 4 | 4.76 | 15.63 |
| Literature - European | 0 | 3 | 0 | 1 | 30 | 99 | 116.33 | 0 | 3 | 4.73 | 17.50 |
| Literature - World | 1 | 1 | 0 | 0 | 25 | 55 | 77.00 | 0 | 1 | 9.24 | 10.00 |
| Beliefs | 0 | 2 | 0 | 0 | 20 | 103 | 107.00 | 1 | 2 | 2.95 | 10.71 |
| Visual Arts | 0 | 2 | 0 | 1 | 20 | 97 | 113.50 | 0 | 1 | 2.73 | 5.00 |
| Current Events | 1 | 0 | 0 | 0 | 15 | 41 | 41.00 | 1 | 1 | 21.55 | 33.33 |
| History - European | 0 | 1 | 0 | 1 | 10 | 113 | 113.00 | 0 | 1 | 0.09 | 5.00 |
| Fine Arts - Other Arts | 0 | 1 | 0 | 0 | 10 | 134 | 134.00 | 0 | 0 | 0.07 | 2.50 |
| History - Ancient | 0 | 1 | 0 | 0 | 10 | 121 | 121.00 | 0 | 1 | 1.09 | 10.00 |
| Auditory Arts | 0 | 1 | 0 | 1 | 10 | 130 | 130.00 | 0 | 0 | 0.15 | 2.50 |
| Literature - American | 0 | 1 | 0 | 0 | 10 | 132 | 132.00 | 0 | 1 | 1.32 | 5.00 |
| Literature - British | 0 | 1 | 1 | 0 | 5 | 136 | 136.00 | 0 | 1 | 0.22 | 2.50 |
| History - American | 0 | 0 | 1 | 0 | -5 | 0.00 | 0 | 0 | 0.00 | 0.00 |